| 000 | 01539nam2a2200277 4500 | ||
|---|---|---|---|
| 001 | RU\NLR\BIBL_A\022260257 | ||
| 005 | 20250625175458.0 | ||
| 035 | _a(NLR Aleph) 022260257 | ||
| 090 |
_a12313858 _c12313858 |
||
| 100 | _a20240624d1939 |||y0rusy50 ca | ||
| 101 | 0 | _arus | |
| 102 | _aRU | ||
| 105 | _ay z 000zy | ||
| 200 | 1 |
_aГод двадцать второй _f[и. о. ответ. редактора Л. Лагин] |
|
| 210 |
_aМосква _cХудожественная литература _d1939 (печ. 1940) |
||
| 215 | _a507, [1] c. | ||
| 300 | _aЧастное загл. пер. и корешка: Год XXII | ||
| 320 | _aБиблиогр. в подстроч. примеч. | ||
| 327 | 1 | _aСодерж.: Возмутитель спокойствия / Л. Соловьев. Степан Кольчугин / В. Гроссман. Большая вода / Б. Горбатов. Слово свидетеля / П. Русин. Сервантес / Эм. Миндлин. Антон / А. Тубин. К вопросу о дуэли Лермонтова / Э. Герштейн | |
| 461 | 0 |
_1001rc\2671425 _12001#$aАльманах$fпод редакцией: М. Горького [и др.]$v16 _96233344 _cМосква _d1933-1939 _fпод редакцией: М. Горького [и др.] _nСоветская литература _tАльманах _v16 |
|
| 512 | 1 | _aГод XXII | |
| 852 |
_aNLR _j33-18/326(16) |
||
| 942 | _cBOOK | ||
| 980 | _aNB | ||